Statistiques concernant Pokémon sixième génération - Les deux premières lettres !

Cliquez ici pour prendre le quiz!

Statistiques générales

  • Ce quiz a été pris 93 fois
  • Le résultat moyen est 61 sur 72

Statistiques - réponses

N° PokédexPokémon% Correct
653Feunnec
98%
656Grenousse
98%
650Marisson
98%
712Grelaçon
97%
675Pandarbare
97%
674Pandespiègle
97%
661Passerouge
97%
698Amagara
95%
658Amphinobi
95%
716Xerneas
95%
651Boguérisse
94%
662Braisillon
94%
717Yveltal
94%
708Brocelôme
92%
701Brutalibré
92%
715Bruyverne
92%
657Croâporal
92%
669Flabébé
92%
663Flambusard
92%
692Flingouste
92%
670Floette
92%
671Florges
92%
682Fluvetin
92%
689Golgopathe
92%
655Goupelin
92%
660Excavarenne
90%
652Blindépique
89%
681Exagide
89%
694Galvaran
89%
693Gamblast
89%
679Monorpale
89%
704Mucuscule
89%
706Muplodocus
89%
710Pitrouille
89%
654Roussil
89%
686Sepiatop
89%
687Sepiatroce
89%
713Séracrawl
89%
718Zygarde
89%
683Cocotine
87%
705Colimucus
87%
676Couafarel
87%
719Diancie
87%
680Dimoclès
87%
659Sapereau
87%
711Banshitrouye
85%
702Dedenne
85%
709Desséliande
85%
699Dragmara
85%
697Rexillius
82%
714Sonistrelle
82%
695Iguolta
81%
696Ptyranidur
81%
721Volcanion
79%
684Sucroquin
77%
720Hoopa
74%
688Opermine
74%
666Prismillon
73%
685Cupcanaille
71%
667Hélionceau
71%
664Lépidonille
71%
668Némélios
71%
707Trousselin
69%
672Cabriolaine
66%
673Chevroum
66%
690Venalgue
66%
678Mistigrix
63%
700Nymphali
63%
665Pérégrain
63%
691Kravarech
58%
677Psystigri
50%
703Strassie
50%

Distribution des résultats

Percentile par nombre de réponses

% des personnes avec chaque résultat

Votre développement - résultats

Vous n’avez pas pris ce quiz